Statistics for Minecraft Championship Winners by Number of Wins

Click here to take the quiz!

General Stats

  • This quiz has been taken 62 times
  • The average score is 45 of 63

Answer Stats

HintAnswer% Correct
6Dream
98%
6Sapnap
98%
4Smajor1995
94%
2BadBoyHalo
90%
4Georgenotfound
90%
3Tommyinnit
90%
1Grian
88%
5Hbomb94
86%
4PeteZahHutt
86%
3Philza
86%
2Technoblade
84%
3Falsesymmetry
82%
3Seapeekay
82%
2Wilbur Soot
82%
1Punz
80%
2Shubble
80%
1CaptainPuffy
78%
1Cubfan135
78%
2Fruitberries
78%
2Illumina
78%
1Kara Corvus
78%
3Michaelmcchill
78%
1Purpled
78%
1Tubbo
78%
1Antfrost
76%
1CaptainSparklez
76%
1jojosolos
76%
1F1NN5TER
74%
2King Burren
74%
1Krtzyy
74%
1Fundy
72%
2Quig
72%
15up
70%
2Eret
70%
1Krinios
70%
1SB737
70%
1Smallishbeans
70%
1Sylvee
70%
1TapL
70%
1KryticZeuz
68%
1Vikkstar123
68%
2Ryguyrocky
66%
2SolidarityGaming
66%
1Bitzel
64%
1Mini Muka
64%
1Rendog
64%
1TheOrionSound
64%
1Blushi
62%
1GeminiTay
62%
1InTheLittleWood
62%
1Quackity
62%
1Wisp
62%
1FWhip
60%
2Karl Jacobs
60%
1Sneegsnag
60%
1Snifferish
58%
1SpeedSilver
54%
1xNestorio
54%
1Kreekcraft
52%
1GizzyGazza
50%
1Foolish Gamers
34%
1Simon Lane
34%
1Lewis Brindly
32%

Score Distribution

Percentile by Number Answered

Percent of People with Each Score

Your Score History

You have not taken this quiz